| 000 | 00988cam a22003257a 4500 | ||
|---|---|---|---|
| 003 | CHAP | ||
| 005 | 20220329134914.0 | ||
| 008 | 971013s1966 us a r 00010 eng d | ||
| 010 | _a27843 | ||
| 011 | _a28815 | ||
| 035 | _a32926 | ||
| 040 | _cCHAP | ||
| 082 | 0 | 4 |
_a574.5 _bM3 |
| 100 | 0 | 0 |
_aMacArthur, Robert H. _969338 |
| 245 | 1 | 4 | _aThe biology of populations |
| 260 |
_aNew York : _bWiley, _c1966 |
||
| 300 |
_a200 p. _b: ilus |
||
| 490 | 0 | _aWiley international edition | |
| 590 |
_aBATCH-UPD _b10 _c20130110 _lUCH01 _h0117 |
||
| 590 |
_aBATCH-UPD _b10 _c20130110 _lUCH01 _h1803 |
||
| 590 |
_aBATCH-UPD _b10 _c20130410 _lUCH01 _h1139 |
||
| 590 |
_aBATCH-UPD _b10 _c20130914 _lUCH01 _h1227 |
||
| 590 |
_aCONVERSION _b10 _c20130109 _lUCH01 _h1316 |
||
| 650 | 1 | 4 |
_aEcologĂa. _935134 |
| 700 | 0 |
_aConnell, Joseph H. _927214 |
|
| 830 | 0 |
_aWiley international edition _9121936 |
|
| 901 | _aBK | ||
| 942 | _cLIBRO | ||
| 949 |
_a574.5 M3 _bBC _cLIBRO _d33724000469797 _eLIBRO _h29873 _i32926 _si _t65.00 |
||
| 999 |
_c27843 _d27843 |
||